[Event "TUR-ch"]
[Site "Antalya"]
[Date "2013.02.04"]
[Round "4"]
[White "Kansal, Evrim"]
[Black "Demirkilic, Koksal"]
[Result "1-0"]
[WhiteElo "1865"]
[BlackElo "1557"]
[PlyCount "83"]
[EventDate "2013.02.02"]
[EventType "swiss"]
[EventRounds "11"]
[EventCountry "TUR"]
[SourceTitle "CBM 152 Extra"]
[Source "ChessBase"]
[SourceDate "2013.02.25"]
[SourceVersion "1"]
[SourceVersionDate "2013.02.25"]
[SourceQuality "1"]

1. e4 c5 2. c3 d5 3. exd5 Qxd5 4. d4 e6 5. Nf3 Nf6 6. Be2 Be7 7. 0-0 0-0 8. Be3 c4 9. Nbd2 b5 10. Ne5 Qd8 11. a4 bxa4 12. Ndxc4 Bb7 13. Qxa4 Qc7 14. Bf4 Qc8 15. Bg5 Nc6 16. b4 Nxe5 17. dxe5 Ne4 18. Bxe7 Nxc3 19. Qc2 Nxe2+ 20. Qxe2 Qc6 21. f3 Rfc8 22. Nd6 Rc7 23. Bh4 a5 24. Nxb7 Rxb7 25. bxa5 Rxa5 26. Rxa5 Qb6+ 27. Kh1 Qxa5 28. Rd1 Rb8 29. h3 h6 30. Qe4 Qb6 31. Kh2 Qc7 32. Qd4 f6 33. Bg3 f5 34. Qd6 Qc8 35. h4 Qe8 36. Qc7 Rc8 37. Qd7 Kf8 38. Bf2 Rc2 39. Bb6 Rc8 40. Qxc8 Qxc8 41. Rd8+ Qxd8 42. Bxd8 1-0

[Event "TUR-ch"]
[Site "Antalya"]
[Date "2013.02.03"]
[Round "3"]
[White "Gulden, Egemen"]
[Black "Kansal, Evrim"]
[Result "1-0"]
[WhiteElo "1644"]
[BlackElo "1865"]
[PlyCount "105"]
[EventDate "2013.02.02"]
[EventType "swiss"]
[EventRounds "11"]
[EventCountry "TUR"]
[SourceTitle "CBM 152 Extra"]
[Source "ChessBase"]
[SourceDate "2013.02.25"]
[SourceVersion "1"]
[SourceVersionDate "2013.02.25"]
[SourceQuality "1"]

1. e4 d5 2. Nc3 Nf6 3. e5 Nfd7 4. f4 e6 5. Nf3 c5 6. d3 Nc6 7. g3 Be7 8. Bg2 0-0 9. 0-0 a6 10. g4 f6 11. Qe1 fxe5 12. fxe5 Qc7 13. Qg3 Ndxe5 14. Bf4 Nxf3+ 15. Rxf3 Qb6 16. Rb1 Bd7 17. Kh1 Nd4 18. Rf2 Rac8 19. Nd1 Qa5 20. a3 Qe1+ 21. Bf1 Ne2 22. Qe3 g5 23. Nc3 gxf4 24. Qf3 Nd4 25. Rxe1 Nxf3 26. Rxf3 Bd6 27. h3 b5 28. Nd1 a5 29. Bg2 b4 30. axb4 axb4 31. Rff1 Ra8 32. c4 bxc3 33. Nxc3 Kg7 34. Bf3 Rfb8 35. Re2 Ra6 36. Kg2 Rab6 37. Rff2 Rb4 38. h4 c4 39. d4 Re8 40. Rf1 Ra8 41. h5 h6 42. Kh2 Rab8 43. Rff2 R4b6 44. Rg2 Kf6 45. Kh1 Kg5 46. Kh2 Rb3 47. Kh1 Bc7 48. Kh2 Kh4 49. g5 hxg5 50. Kg1 e5 51. Rh2+ Bh3 52. Reg2 g4 53. Rxg4+ 1-0